|
|
|
|
| LEADER |
00000nam0a2200000 4500 |
| 001 |
84107 |
| 005 |
20231031100438.0 |
| 010 |
|
|
|a 5648005342
|
| 020 |
|
|
|a RU
|b 88-90731
|
| 035 |
|
|
|a (RuTPU)RU\TPU\book\90423
|
| 090 |
|
|
|a 84107
|
| 100 |
|
|
|a 20051026d1988 km y0rusy5003 ca
|
| 101 |
0 |
|
|a rus
|
| 102 |
|
|
|a UZ
|
| 105 |
|
|
|a a g 001zy
|
| 200 |
1 |
|
|a Физические методы измерения
|e (справочник)
|f Ф. Н. Мухтасимов, И. П. Федотов, Ю. В. Зеленев
|g Академия наук Узбекской ССР (АН УзССР), Институт ядерной физики (ИЯФ)
|
| 210 |
|
|
|a Ташкент
|c Фан
|d 1988
|
| 215 |
|
|
|a 569,[1] с.
|c ил.
|d 27 см
|
| 320 |
|
|
|a Библиогр. в конце глав
|
| 320 |
|
|
|a Предм. указ.: с. 564-568
|
| 610 |
1 |
|
|a справочники
|
| 610 |
1 |
|
|a линейные измерения
|
| 610 |
1 |
|
|a время
|
| 610 |
1 |
|
|a температура
|
| 610 |
1 |
|
|a оптические измерения
|
| 610 |
1 |
|
|a влажность
|
| 610 |
1 |
|
|a электрофизические измерения
|
| 610 |
1 |
|
|a акустические измерения
|
| 610 |
1 |
|
|a ионизирующее излучение
|
| 610 |
1 |
|
|a спектроскопия
|
| 675 |
|
|
|a 53.08(035)
|z rus
|v 4
|
| 700 |
|
1 |
|a Мухтасимов
|b Ф. Н.
|g Фуат Нуритдинович
|4 070
|
| 701 |
|
1 |
|a Федотов
|b И. П.
|g Иван Прокофьевич
|
| 701 |
|
1 |
|a Зеленев
|b Ю. В.
|g Юрий Владимирович
|
| 712 |
0 |
2 |
|a Академия наук Узбекской ССР (АН УзССР)
|b Институт ядерной физики (ИЯФ)
|2 stltpush
|3 (RuTPU)RU\TPU\col\11486
|
| 801 |
|
0 |
|a RU
|b RuMRKP
|c 19950417
|g psbo
|
| 801 |
|
1 |
|a RU
|b 63413507
|c 20051026
|g PSBO
|
| 801 |
|
2 |
|a RU
|b 63413507
|c 20181002
|g PSBO
|
| 900 |
|
|
|a Методы и приборы физических измерений
|
| 942 |
|
|
|c BK
|